Lyrics: With Me Sum 41 - Statistiken

Allgemein
  • Dieses Quiz wurde 13 mal gespielt
  • Das Durchschnittsergebnis liegt bei 231 aus 323
Antwortstatistiken
Textquiz Textquiz % Korrekt
an
100%
1. | 3. | 6. | +2 others I
100%
it
100%
to
100%
When
100%
With
100%
you
100%
all
90%
5. All
90%
are
90%
ever
90%
go
90%
is
90%
know
90%
the
90%
am
80%
and
80%
And
80%
cause
80%
Cause
80%
don't
80%
everything
80%
fall
80%
my
80%
nothing
80%
so
80%
this
80%
want
80%
without
80%
but
70%
end
70%
heart
70%
it's
70%
let
70%
mistakes
70%
moment
70%
on
70%
see
70%
show
70%
soul
70%
these
70%
These
70%
where
70%
Where
70%
won't
70%
words
70%
hold
60%
made
60%
out
60%
stumble
60%
true
60%
has
50%
here
50%
I'll
50%
in
50%
7. In
50%
just
50%
smile
50%
2. Through
50%
what
50%
8. What
50%
will
50%
your
50%
didn't
40%
forever
40%
have
40%
I'd
40%
I've
40%
mean
40%
never
40%
wait
40%
you're
40%
everything's
30%
find
30%
ground
30%
memories
30%
of
30%
alone
20%
As
20%
come
20%
from
20%
looking
20%
nowhere
20%
streets
20%
walk
20%
bleed
10%
eyes
10%
falls
10%
front
10%
pieces
10%
read
10%
skies
10%
4. Thoughts
10%
unspoken
10%
vow
10%
Keine übereinstimmenden Quizze gefunden
Verteilung der Resultate
Anzahl Personen mit jedem Resultat
Perzentil nach korrekt beantworteten Fragen
Ihre Resultats-Entwicklung
Sie haben dieses Quiz noch nicht gespielt